000 00817nam a2200265 i 4500
001 000047592
003 DO-SdBNP
005 20250227073855.0
007 ta
008 180704s2017 dr 000 spa d
020 _a9789945473216
040 _aDO-SdBNP
_bspa
_cBNPHU
_erda
082 4 _aRD863.44
_bA347c, 2017
_222
100 1 _aAlcántara Almánzar, José
_d1946-
_eautor
_4aut.
_97018
245 1 3 _aLa carne estremecida. /
_cJosé Alcántara Almánzar.
264 4 _aSanto Domingo :
_bEditora Santuario,
_c2017.
300 _a110 páginas ;
_c22 cm.
336 _atexto
_btxt
_2rdacontent
337 _asin mediación
_bn
_2rdamedia
338 _avolumen
_bnc
_2rdacarrier
590 _aInventariado, 2018/DG
650 4 _aCuentos dominicanos
_9176
650 4 _aLiteratura dominicana.
_967
942 _2ddc
_cLBS1
999 _c47080
_d47080